000 00605nam a2200253 a 4500
001 31376
003 AR-BaAGN
005 20231116145651.0
007 ta
008 220625s2019 ag |||||r|||| ||||||spa d
020 _a978-987-46832-9-8
040 _dAR-BaAGN
_aAR-BaAGN
_bspa
_eaacr
100 1 _aDavis, Angela
245 1 0 _aMujeres, raza y clase
250 _a1ª ed.
260 _aBuenos Aires :
_bAkal,
_c2019.
300 _a240 páginas
336 _2rdacontent
_btxt
337 _2rdamedia
_bn
338 _2rdacarrier
_bnc
650 4 _aFEMINISMO
_983
942 _cLIBRO
999 _c31376
_d31376